[Event "AZE-ch 1st League"]
[Site "Baku"]
[Date "2025.01.11"]
[Round "6"]
[White "Gurbanov, Ismayil"]
[Black "Abdulkarimli, Eljan"]
[Result "1-0"]
[WhiteElo "2248"]
[BlackElo "2163"]
[PlyCount "65"]
[EventDate "2025.01.06"]
[EventType "swiss"]
[EventRounds "9"]
[EventCountry "AZE"]
[SourceTitle "CB03_2025"]
[SourceDate "2025.01.15"]
[SourceVersion "1"]
[SourceVersionDate "2025.01.15"]
[SourceQuality "1"]

1. e4 c6 2. d4 d5 3. f3 Qb6 4. a4 a5 5. exd5 cxd5 6. Nc3 e6 7. Nb5 Nc6 8. Bf4 e5 9. Qe2 Be6 10. Bxe5 Nxe5 11. Qxe5 Rc8 12. Bd3 f6 13. Qg3 Kf7 14. Ne2 Nh6 15. 0-0 Nf5 16. Qf2 g5 17. Rae1 h5 18. Nec3 Rd8 19. Re2 Bh6 20. Rfe1 Bc8 21. g4 Nh4 22. Nxd5 Qc6 23. Re7+ Kf8 24. Qe3 Bd7 25. Rf7+ Kxf7 26. Qe7+ Kg8 27. Qxd8+ Bf8 28. Ne7+ Kg7 29. Nxc6 Nxf3+ 30. Kf2 Bxc6 31. Re7+ Kh6 32. Qxf8+ Rxf8 33. Rh7# 1-0

[Event "AZE-ch 1st League"]
[Site "Baku"]
[Date "2025.01.10"]
[Round "5"]
[White "Abdulkarimli, Eljan"]
[Black "Rustamov, Rustam"]
[Result "1/2-1/2"]
[WhiteElo "2163"]
[BlackElo "2305"]
[PlyCount "225"]
[EventDate "2025.01.06"]
[EventType "swiss"]
[EventRounds "9"]
[EventCountry "AZE"]
[SourceTitle "CB03_2025"]
[SourceDate "2025.01.15"]
[SourceVersion "1"]
[SourceVersionDate "2025.01.15"]
[SourceQuality "1"]

1. d4 Nf6 2. c4 e6 3. Nc3 Bb4 4. a3 Bxc3+ 5. bxc3 b6 6. f3 d5 7. Bg5 h6 8. Bh4 Bb7 9. e3 0-0 10. Bd3 Nbd7 11. Ne2 c5 12. cxd5 exd5 13. 0-0 Qe7 14. Bf2 a5 15. Re1 Ba6 16. Bc2 Bxe2 17. Qxe2 Rac8 18. Qd3 Rfd8 19. Rab1 Qe6 20. Ba4 Qd6 21. Bg3 Qe7 22. Bf2 Qd6 23. Bg3 Qe7 24. h3 Kh8 25. Bf4 Kg8 26. Bg3 Nh5 27. Bh2 Nhf6 28. Bf4 Kh8 29. g4 Qe6 30. Kf2 Kg8 31. Rb2 Qe7 32. Rbb1 Nh7 33. Rh1 h5 34. Rhg1 h4 35. Rge1 Ng5 36. Kg2 Ne6 37. Bh2 Ng5 38. Bf4 Ne6 39. Bh2 Ng5 40. Re2 Qf6 41. Rf2 Qe6 42. Bf4 Nh7 43. Rfb2 Nhf8 44. Re1 Qe7 45. Bb5 Ng6 46. Bh2 Ndf8 47. Rf1 Nh7 48. Ba4 cxd4 49. cxd4 Rc4 50. Bb5 Rcc8 51. Ba4 Rc4 52. Bb5 Rcc8 53. e4 Qf6 54. e5 Nf4+ 55. Bxf4 Qxf4 56. Qd2 Qg3+ 57. Kh1 Qxh3+ 58. Qh2 Qxh2+ 59. Rxh2 g5 60. f4 gxf4 61. Rxh4 Nf8 62. Bd3 Rc3 63. Rh3 Rdc8 64. Rxf4 Ne6 65. Rf6 Nxd4 66. Rxb6 Ne6 67. Rb5 Nf4 68. Bh7+ Kg7 69. Rxc3 Rxc3 70. Bf5 Rxa3 71. Rb7 Re3 72. Ra7 d4 73. Rd7 d3 74. e6 Nxe6 75. Bxe6 Rxe6 76. Rxd3 Re4 77. Rd5 Ra4 78. Kh2 Ra3 79. Kg2 a4 80. Ra5 Ra1 81. Ra6 f6 82. Ra7+ Kg6 83. Ra5 a3 84. Kh2 Kf7 85. Ra6 Ke7 86. Kg2 Ra2+ 87. Kg3 Kf7 88. Kh3 Kg6 89. Ra5 Ra1 90. Kh2 Kf7 91. Ra6 Ke7 92. Kg2 Kf7 93. Kh2 Kg6 94. Ra5 Kf7 95. Ra6 a2 96. Kg2 Ke7 97. Kh2 Kd7 98. Kg2 Kc7 99. Kh2 Kb7 100. Ra3 Kb6 101. Kg2 Kb5 102. Ra8 Kb4 103. Rb8+ Kc3 104. Rc8+ Kd4 105. Ra8 Ke4 106. Ra4+ Ke5 107. Kh2 Ke6 108. Kg2 Kf7 109. Ra7+ Kg6 110. Ra5 Kh6 111. Rh5+ Kg7 112. Ra5 Kh7 113. Rh5+ 1/2-1/2

[Event "AZE-ch 1st League"]
[Site "Baku"]
[Date "2025.01.08"]
[Round "3"]
[White "Abdulkarimli, Eljan"]
[Black "Aslanov, Umid Fuad"]
[Result "1/2-1/2"]
[WhiteElo "2163"]
[BlackElo "2250"]
[PlyCount "80"]
[EventDate "2025.01.06"]
[EventType "swiss"]
[EventRounds "9"]
[EventCountry "AZE"]
[SourceTitle "CB03_2025"]
[SourceDate "2025.01.15"]
[SourceVersion "1"]
[SourceVersionDate "2025.01.15"]
[SourceQuality "1"]

1. e4 c5 2. c3 d5 3. exd5 Qxd5 4. d4 cxd4 5. cxd4 Nc6 6. Nf3 e5 7. Nc3 Bb4 8. Bd2 Bxc3 9. Bxc3 e4 10. Ne5 Nxe5 11. dxe5 Ne7 12. Qa4+ Bd7 13. Qa3 Qe6 14. Rd1 0-0 15. Be2 Bc6 16. Qd6 e3 17. 0-0 Nd5 18. Qxe6 fxe6 19. Bc4 e2 20. Bxe2 Nf4 21. Bf3 Nh3+ 22. gxh3 Rxf3 23. Bb4 a5 24. Bd6 a4 25. Rfe1 Rxh3 26. Re3 Rh4 27. Rg3 Rc4 28. Rc3 Rf4 29. a3 Rf5 30. Rd4 Ra5 31. f4 Rd5 32. Rcc4 Rxd4 33. Rxd4 g5 34. Be7 gxf4 35. Bf6 Kf7 36. Kf2 Rxf6 37. exf6 e5 38. Rd6 e4 39. h4 Bb5 40. Rd4 Bc6 1/2-1/2

[Event "EU-ch 24th"]
[Site "Petrovac"]
[Date "2024.11.13"]
[Round "6"]
[White "Tudor, Henry Edward"]
[Black "Abdulkarimli, Eljan"]
[Result "1-0"]
[WhiteElo "2365"]
[BlackElo "2190"]
[PlyCount "107"]
[EventDate "2024.11.08"]
[EventType "swiss"]
[EventRounds "11"]
[EventCountry "MNE"]
[SourceTitle "CB47_2024"]
[SourceDate "2024.11.20"]
[SourceVersion "1"]
[SourceVersionDate "2024.11.20"]
[SourceQuality "1"]

1. d4 d5 2. c4 c6 3. cxd5 cxd5 4. Nc3 Nf6 5. Bf4 Nc6 6. e3 e6 7. Bd3 Be7 8. h3 0-0 9. Nf3 Bd7 10. 0-0 Qa5 11. a3 Rfc8 12. b4 Qd8 13. Na4 Be8 14. Qb3 Bd6 15. Bg5 h6 16. Bh4 g5 17. Bg3 Nh5 18. Bxd6 Qxd6 19. b5 Ne7 20. Nc3 f6 21. Rac1 Bg6 22. Bxg6 Nxg6 23. Rc2 Rc7 24. Rfc1 Rac8 25. a4 f5 26. a5 b6 27. a6 Nf6 28. Na4 Ne4 29. Qb2 h5 30. Ne5 Nxe5 31. dxe5 Qd7 32. Kh2 h4 33. Qa2 Rxc2 34. Rxc2 Nc5 35. Nxc5 bxc5 36. Qa5 Qc7 37. Qxc7 Rxc7 38. Rb2 Rc8 39. b6 axb6 40. Rxb6 Ra8 41. Rxe6 f4 42. exf4 gxf4 43. Kg1 Kf7 44. Rf6+ Kg7 45. Rb6 c4 46. Kf1 c3 47. Ke2 d4 48. Rc6 Rb8 49. Kd3 Rb4 50. a7 Ra4 51. Rc7+ Kg6 52. e6 Ra2 53. e7 Rd2+ 54. Ke4 1-0

[Event "Cetinje Dragasevic Memorial"]
[Site "Cetinje"]
[Date "2024.06.28"]
[Round "8"]
[White "Tadic, Stefan"]
[Black "Abdulkarimli, Eljan"]
[Result "1-0"]
[WhiteElo "2421"]
[BlackElo "2124"]
[PlyCount "65"]
[EventDate "2024.06.22"]
[EventType "swiss"]
[EventRounds "9"]
[EventCountry "MNE"]
[SourceTitle "CBM 220 Extra"]
[Source "ChessBase"]
[SourceDate "2024.07.31"]
[SourceVersion "1"]
[SourceVersionDate "2024.07.31"]
[SourceQuality "1"]

1. c4 c6 2. Nf3 d5 3. e3 Nf6 4. Nc3 g6 5. d4 Bg7 6. Be2 0-0 7. 0-0 Ne4 8. Qb3 e6 9. Nxe4 dxe4 10. Nd2 f5 11. c5 Kh8 12. Nc4 Qe7 13. Bd2 Nd7 14. Bc3 Nf6 15. f3 exf3 16. Bxf3 Nd5 17. Be1 f4 18. Rd1 e5 19. Bxd5 cxd5 20. Nxe5 Bxe5 21. dxe5 f3 22. Rxf3 Rxf3 23. gxf3 Be6 24. Qc3 Rf8 25. f4 g5 26. Qd4 Qf7 27. Bg3 h5 28. fxg5 Qf3 29. Bf4 Bf5 30. Rf1 Qe2 31. e6+ Kh7 32. e7 Be4 33. Qxe4+ 1-0

[Event "Cetinje Dragasevic Memorial"]
[Site "Cetinje"]
[Date "2024.06.24"]
[Round "4"]
[White "Djurovic, Peko"]
[Black "Abdulkarimli, Eljan"]
[Result "0-1"]
[WhiteElo "2292"]
[BlackElo "2124"]
[PlyCount "66"]
[EventDate "2024.06.22"]
[EventType "swiss"]
[EventRounds "9"]
[EventCountry "MNE"]
[SourceTitle "CBM 220 Extra"]
[Source "ChessBase"]
[SourceDate "2024.07.31"]
[SourceVersion "1"]
[SourceVersionDate "2024.07.31"]
[SourceQuality "1"]

1. e4 e6 2. d4 d5 3. Nc3 Nf6 4. Bg5 Be7 5. e5 Nfd7 6. h4 h6 7. Bxe7 Qxe7 8. Qg4 0-0 9. 0-0-0 c5 10. f4 Nc6 11. Nf3 a6 12. Rh3 cxd4 13. Nxd4 Nxd4 14. Rxd4 f6 15. Qe2 fxe5 16. fxe5 Nxe5 17. Qxe5 Rxf1+ 18. Rd1 Qf6 19. Qe2 Rf2 20. Qd3 Bd7 21. Re3 Qf5 22. g4 Qxd3 23. Rdxd3 Raf8 24. b3 Rg2 25. Rg3 Rff2 26. Rxg2 Rxg2 27. Rd4 Bc6 28. Rf4 e5 29. Rf5 d4 30. Na4 e4 31. Nc5 e3 32. Kb2 Rxg4 33. h5 Rg5 0-1

[Event "Cetinje Dragasevic Memorial"]
[Site "Cetinje"]
[Date "2024.06.23"]
[Round "2"]
[White "Milanovic, Danilo"]
[Black "Abdulkarimli, Eljan"]
[Result "1-0"]
[WhiteElo "2438"]
[BlackElo "2124"]
[PlyCount "87"]
[EventDate "2024.06.22"]
[EventType "swiss"]
[EventRounds "9"]
[EventCountry "MNE"]
[SourceTitle "CBM 220 Extra"]
[Source "ChessBase"]
[SourceDate "2024.07.31"]
[SourceVersion "1"]
[SourceVersionDate "2024.07.31"]
[SourceQuality "1"]

1. d4 d5 2. c4 c6 3. cxd5 cxd5 4. Nc3 Nf6 5. Bf4 Nc6 6. e3 Bf5 7. Qb3 Na5 8. Qa4+ Bd7 9. Qc2 Rc8 10. Bd3 b5 11. a3 e6 12. Nf3 Nc4 13. 0-0 Qb6 14. Rfc1 Be7 15. Qe2 Nh5 16. Bg5 Bxg5 17. Nxg5 g6 18. Nf3 f5 19. Ne5 Nxe5 20. dxe5 a6 21. a4 f4 22. g4 fxg3 23. hxg3 b4 24. a5 Qb8 25. Nd1 0-0 26. g4 Ng7 27. f4 Bb5 28. Bxb5 axb5 29. Rxc8 Rxc8 30. Nf2 Qa7 31. Qd2 h5 32. Qd4 Qa6 33. gxh5 gxh5 34. Qb6 Qa8 35. a6 Rb8 36. Qc7 d4 37. e4 Rf8 38. Qb7 Qd8 39. a7 Qh4 40. a8Q Qg3+ 41. Kf1 Qxf4 42. Qxf8+ Kxf8 43. Ra8+ Ne8 44. Qc6 1-0

[Event "Paracin Prestige op"]
[Site "Paracin"]
[Date "2024.01.17"]
[Round "4"]
[White "Isanzhulov, Arystan"]
[Black "Abdulkarimli, Eljan"]
[Result "1/2-1/2"]
[WhiteElo "2414"]
[BlackElo "1913"]
[PlyCount "95"]
[EventDate "2024.01.15"]
[EventType "swiss"]
[EventRounds "9"]
[EventCountry "SRB"]
[SourceTitle "CBM 218 Extra"]
[Source "ChessBase"]
[SourceDate "2024.03.31"]
[SourceVersion "1"]
[SourceVersionDate "2024.03.31"]
[SourceQuality "1"]

1. d4 d5 2. Nf3 Nf6 3. e3 g6 4. c4 c6 5. Bd3 Bg7 6. 0-0 0-0 7. Nc3 Na6 8. cxd5 cxd5 9. Qb3 Nc7 10. Bd2 Rb8 11. Rac1 Bf5 12. Bxf5 gxf5 13. Rc2 Nce8 14. Rfc1 e6 15. Ne2 a5 16. Ne5 Ng4 17. Nd3 Nd6 18. f3 Nf6 19. Ne5 Ra8 20. a4 Nd7 21. Nxd7 Qxd7 22. Rc7 Qd8 23. R1c2 Bh6 24. Bc1 b6 25. R7c6 Rb8 26. Qc3 b5 27. Qe1 Ne8 28. Ra6 bxa4 29. Qxa5 Qh4 30. g3 Qh3 31. Qe1 Rb3 32. Qf2 Nf6 33. Rxa4 Rfb8 34. Nf4 Bxf4 35. exf4 Rd3 36. Qe2 Rbb3 37. Ra3 Rxf3 38. Qxf3 Rxf3 39. Rxf3 Ng4 40. Rc8+ Kg7 41. Rc2 Qh5 42. Rd3 f6 43. b4 Qe8 44. Rc5 e5 45. Rc7+ Kg6 46. fxe5 fxe5 47. Ra3 exd4 48. Ra6+ 1/2-1/2

[Event "World ol U16"]
[Site "Nakhchivan"]
[Date "2022.10.04"]
[Round "3.9"]
[White "Abdulkarimli, Eljan"]
[Black "Amilal, Munkhdalai"]
[Result "0-1"]
[WhiteElo "1742"]
[BlackElo "2137"]
[PlyCount "48"]
[EventDate "2022.10.02"]
[EventType "team-swiss"]
[EventRounds "9"]
[EventCountry "AZE"]
[SourceTitle "CBM 210 Extra"]
[Source "ChessBase"]
[SourceDate "2022.11.30"]
[SourceVersion "1"]
[SourceVersionDate "2022.11.30"]
[SourceQuality "1"]
[WhiteTeam "Azerbaijan IV"]
[BlackTeam "Mongolia"]
[WhiteTeamCountry "AZE"]
[BlackTeamCountry "MGL"]

1. e4 c5 2. Nf3 Nc6 3. d4 cxd4 4. Nxd4 Qc7 5. Nc3 e6 6. Be3 Nf6 7. Qf3 a6 8. 0-0-0 Be7 9. Kb1 0-0 10. g4 d6 11. Qh3 Nxd4 12. Rxd4 b5 13. f3 Rb8 14. Qg3 b4 15. Ne2 e5 16. Rd2 Be6 17. h4 d5 18. Nd4 dxe4 19. Nxe6 fxe6 20. Bg5 Nd5 21. fxe4 Nc3+ 22. Ka1 Rxf1+ 23. Rxf1 Qc4 24. bxc3 Qxf1+ 0-1

[Event "Baku CC op 1st"]
[Site "Baku"]
[Date "2018.10.25"]
[Round "6"]
[White "Nuriyev, Aykhan"]
[Black "Abdulkarimli, Eljan"]
[Result "1/2-1/2"]
[WhiteElo "1401"]
[BlackElo "1665"]
[PlyCount "179"]
[EventDate "2018.10.20"]
[EventType "swiss"]
[EventRounds "9"]
[EventCountry "AZE"]
[SourceTitle "CBM 187 Extra"]
[Source "ChessBase"]
[SourceDate "2018.11.04"]
[SourceVersion "1"]
[SourceVersionDate "2018.11.04"]
[SourceQuality "1"]

1. c4 Nf6 2. Nc3 e6 3. Qa4 Be7 4. g3 0-0 5. Bg2 d5 6. d4 Nbd7 7. cxd5 exd5 8. Nf3 c5 9. 0-0 Nb6 10. Qd1 Be6 11. e3 c4 12. b3 Bb4 13. Bb2 Bg4 14. h3 Bf5 15. Ne5 Bxc3 16. Bxc3 Ne4 17. Bb4 Re8 18. g4 Bg6 19. Ba5 f6 20. Nxg6 hxg6 21. Bxe4 Rxe4 22. bxc4 dxc4 23. Qc2 Qd5 24. Bxb6 axb6 25. Rfc1 Rc8 26. Rab1 f5 27. Rb4 b5 28. gxf5 Qxf5 29. Rxb5 Qf3 30. Rg5 Rf8 31. Qxc4+ Kh7 32. Qf1 Rxe3 33. Rg3 Qxg3+ 34. fxg3 Rxf1+ 35. Rxf1 Rxg3+ 36. Kh2 Rd3 37. Rb1 Rxd4 38. Rxb7 Rd2+ 39. Kg3 Rxa2 40. Rb3 Kh6 41. Rf3 Kg5 42. Rb3 Ra5 43. Rc3 Kf6 44. Rc6+ Kf5 45. Rc3 g5 46. Rb3 Ra4 47. Rc3 Kg6 48. Rd3 Kh5 49. Rc3 Ra1 50. Rd3 Rg1+ 51. Kh2 Rf1 52. Kg3 Rf4 53. Rd7 Kg6 54. Rd6+ Rf6 55. Rd3 Re6 56. Rc3 Ra6 57. Rb3 Ra4 58. Rb6+ Kh5 59. Rb3 Rh4 60. Rb5 Rc4 61. Rb3 Ra4 62. Rc3 Rf4 63. Rc7 Kg6 64. Rc6+ Rf6 65. Rc3 Kh5 66. Rd3 Kg6 67. Rc3 Ra6 68. Rb3 Ra5 69. Rc3 Kh5 70. Rb3 Ra4 71. Rc3 Rd4 72. Rb3 Rc4 73. Rd3 Rc1 74. Rb3 Rg1+ 75. Kh2 Ra1 76. Kg3 Ra4 77. Rc3 Re4 78. Rb3 Kg6 79. Rb6+ Kf5 80. Rb5+ Re5 81. Rb3 Re4 82. Rc3 Rh4 83. Rb3 Kg6 84. Rb6+ Kh5 85. Rb7 Kg6 86. Rb6+ Kh5 87. Rb7 Kh6 88. Rb6+ g6 89. Rb8 Ra4 90. Rb3 1/2-1/2

[Event "Baku CC op 1st"]
[Site "Baku"]
[Date "2018.10.21"]
[Round "2"]
[White "Ahadzade, Kanan"]
[Black "Abdulkarimli, Eljan"]
[Result "1-0"]
[WhiteElo "1991"]
[BlackElo "1665"]
[PlyCount "55"]
[EventDate "2018.10.20"]
[EventType "swiss"]
[EventRounds "9"]
[EventCountry "AZE"]
[SourceTitle "CBM 187 Extra"]
[Source "ChessBase"]
[SourceDate "2018.11.04"]
[SourceVersion "1"]
[SourceVersionDate "2018.11.04"]
[SourceQuality "1"]

1. e4 e6 2. b3 d5 3. Bb2 Nf6 4. e5 Nfd7 5. c4 c6 6. f4 Be7 7. Nf3 Qb6 8. cxd5 cxd5 9. d4 Nc6 10. Be2 Qc7 11. Nc3 a6 12. Rc1 Nb6 13. 0-0 Bd7 14. a3 Qd8 15. Bd3 f5 16. exf6 Bxf6 17. Ne5 g6 18. Qg4 Bxe5 19. fxe5 Qe7 20. b4 Na7 21. g3 Rc8 22. Ne2 Nc4 23. Bxc4 dxc4 24. d5 exd5 25. e6 Bxe6 26. Qd4 Rg8 27. Qxa7 Bh3 28. Rfe1 1-0